Khan Đam Kteh Mlan = Klei Khan Dam Kteh Mlan

Chuyện kể về tình yêu giữa hai người Dam kteh Mlan và Hbia Ling Pang

Na minha lista:
Detalhes bibliográficos
Formato: Livro
Idioma:Undetermined
Publicado em: Hà Nội Hội nhà văn 2018
Assuntos:
Tags: Adicionar Tag
Sem tags, seja o primeiro a adicionar uma tag!
Thư viện lưu trữ: Trung tâm Học liệu Trường Đại học Cần Thơ
LEADER 00705nam a2200193Ia 4500
001 CTU_228811
008 210402s9999 xx 000 0 und d
082 |a 398.209597 
082 |b Kh105 
245 0 |a Khan Đam Kteh Mlan = 
245 0 |b Klei Khan Dam Kteh Mlan 
245 0 |c Y Yng (Kể) ; Nguyễn Hữu Thấu (Sưu tầm, biên dịch) 
260 |a Hà Nội 
260 |b Hội nhà văn 
260 |c 2018 
520 |a Chuyện kể về tình yêu giữa hai người Dam kteh Mlan và Hbia Ling Pang 
650 |a Văn học dân gian Việt Nam,Folk literature, Vietnamese 
910 |b nthai 
980 |a Trung tâm Học liệu Trường Đại học Cần Thơ